Riadenie technologických rizík v podnikateľských projektoch

Technologické riadenie podniku a riziká, ktoré môžu vzniknúť. Pojem rizika. Pôvod rizík technologického charakteru a prijatie rozhodnutí v ich prítomnosti. Charakteristika technologických rizík. Riadenie technologických rizík je súčasnou výzvou pre manažéra podniku, nakoľko moderné technológie sa st...

Descripción completa

Guardado en:
Detalles Bibliográficos
Autor principal: Vasilová, Michaela
Formato: Capítulo de libro
Lenguaje:eslovaco
Materias:
Etiquetas: Agregar Etiqueta
Sin Etiquetas, Sea el primero en etiquetar este registro!

MARC

LEADER 00000nla$a2200000$$$4500
001 0051073
005 20240502071607.5
041 0 |a slo 
044 |a SK 
245 1 0 |a Riadenie technologických rizík v podnikateľských projektoch  |c Michaela Vasilová 
520 |a Technologické riadenie podniku a riziká, ktoré môžu vzniknúť. Pojem rizika. Pôvod rizík technologického charakteru a prijatie rozhodnutí v ich prítomnosti. Charakteristika technologických rizík. Riadenie technologických rizík je súčasnou výzvou pre manažéra podniku, nakoľko moderné technológie sa stávajú dôležitou súčasťou konkurenčnej výhody a sú s ňou spojené pomerne vysoké náklady. 
610 2 0 |a riziko 
610 2 0 |a riadenie rizík 
610 2 0 |a riziko podnikateľské 
610 2 0 |a podnik 
610 2 0 |a technológie nové 
610 2 0 |a riadenie podnikové 
100 1 |a Vasilová, Michaela